| Tag |
First Indicator |
Second Indicator |
Subfields |
| LEADER |
00000cam a2200000 i 4500 |
| 001 |
in00000314708 |
| 005 |
20151011050819.0 |
| 008 |
750630s1974 ne a b 10000 eng |
| 010 |
|
|
|a 74080520
|
| 015 |
|
|
|a Ne***
|
| 020 |
|
|
|z 9027704791.
|
| 020 |
|
|
|a 9027704805 (pbk.)
|
| 035 |
|
|
|a (OCoLC)01267730
|
| 035 |
|
|
|9 ABK4284AM
|
| 040 |
|
|
|a DLC
|c DLC
|d TXA
|d UtOrBLW
|
| 049 |
|
|
|a TXAM
|c [438137]
|
| 050 |
0 |
0 |
|a QB806
|b .S85
|
| 082 |
0 |
|
|a 523.8
|
| 245 |
0 |
0 |
|a Stellar instability and evolution :
|b symposium no. 59 held at Mount Stromlo, Canberra, Australia, 16-18 August, 1973 /
|c edited by P. Ledoux and A. Noels and A. W. Rodgers.
|
| 264 |
|
1 |
|a Dordrecht-Holland ;
|a Boston :
|b D. Reidel Pub. Co.,
|c 1974.
|
| 300 |
|
|
|a xi, 201 pages :
|b illustrations ;
|c 25 cm.
|
| 336 |
|
|
|a text
|b txt
|2 rdacontent
|
| 337 |
|
|
|a unmediated
|b n
|2 rdamedia
|
| 338 |
|
|
|a volume
|b nc
|2 rdacarrier
|
| 490 |
1 |
|
|a Symposium - International Astronomical Union ; no. 59
|
| 500 |
|
|
|a Sponsored by Commissions 27 and 35 of I.A.U.
|
| 504 |
|
|
|a Includes bibliographies and index.
|
| 650 |
|
0 |
|a Stars
|x Evolution
|v Congresses.
|
| 700 |
1 |
|
|a Ledoux, Paul,
|d 1914-
|
| 700 |
1 |
|
|a Noels, A.
|
| 700 |
1 |
|
|a Rodgers, A. W.
|q (Alexander William)
|
| 710 |
2 |
|
|a International Astronomical Union.
|b Commission 27.
|
| 710 |
2 |
|
|a International Astronomical Union.
|b Commission 35.
|
| 810 |
2 |
|
|a International Astronomical Union.
|t Symposium ;
|v no. 59.
|
| 999 |
|
|
|a MARS
|
| 999 |
f |
f |
|s 9010155f-1b7f-3fec-8396-bc2903cfa303
|i fe441803-81ad-30ea-a779-a2b4abee2f35
|t 0
|
| 952 |
f |
f |
|p ric
|a Texas A&M University
|b Rellis Campus
|c Joint Library Facility
|d Remote Storage
|t 0
|e QB806 .S85
|h Library of Congress classification
|i unmediated -- volume
|m A14804583366
|
| 998 |
f |
f |
|a QB806 .S85
|t 0
|l Remote Storage
|